Southville International School and Colleges
Your cart is empty.
  • Cart
  • Lists
    Public lists Eva Luna New books Lux_list list_1
    Your lists Log in to create your own lists
  • Log in to your account
  • Your cookies
  • Search history
Southville International School and Colleges
  • Advanced search
  • Recent comments
  • Most popular
  • Libraries

Log in to your account

Log in with GOOGLE


If you do not have an external account, but do have a local account, you can still log in:

  1. Home
  2. MARC view: Research to practice: Understanding the role of implicit bias in early childhood disciplinary parctices/
Normal view MARC view ISBD view

Research to practice: Understanding the role of implicit bias in early childhood disciplinary parctices/ (Record no. 361704)

[ view plain ]
MARC details
000 -LEADER
fixed length control field 00608nam a2200181Ia 4500
008 - FIXED-LENGTH DATA ELEMENTS--GENERAL INFORMATION
fixed length control field 190427s9999 xx 000 0 und d
100 ## - MAIN ENTRY--PERSONAL NAME
Personal name Neitzel, Jennifer
245 ## - TITLE STATEMENT
Title Research to practice: Understanding the role of implicit bias in early childhood disciplinary parctices/
245 ## - TITLE STATEMENT
Statement of responsibility, etc Jennifer Neitzel.--
260 ## - PUBLICATION, DISTRIBUTION, ETC. (IMPRINT)
Name of publisher, distributor, etc Taylor and Francis Group
260 ## - PUBLICATION, DISTRIBUTION, ETC. (IMPRINT)
Date of publication, distribution, etc 2018
300 ## - PHYSICAL DESCRIPTION
Extent pages 232-242, July-September 2018
440 ## - SERIES STATEMENT/ADDED ENTRY--TITLE
Title Journal of Early Childhood Teacher Education
Volume number/sequential designation 39(3)
650 ## - SUBJECT ADDED ENTRY--TOPICAL TERM
Topical term or geographic name as entry element Disciplinary Practices
650 ## - SUBJECT ADDED ENTRY--TOPICAL TERM
Topical term or geographic name as entry element Implicit Bias
650 ## - SUBJECT ADDED ENTRY--TOPICAL TERM
Topical term or geographic name as entry element Research
650 ## - SUBJECT ADDED ENTRY--TOPICAL TERM
Topical term or geographic name as entry element Understanding
Holdings
Withdrawn status Lost status Damaged status Home library Current library Date acquired Total Checkouts Date last seen Price effective from Koha item type
      College Library College Library 04/27/2019   04/27/2019 04/27/2019 Periodicals

Research to practice: Understanding the role of implicit bias in early childhood disciplinary parctices/

APA

Neitzel J., .Research to practice: Understanding the role of implicit bias in early childhood disciplinary parctices. : Taylor and Francis Group.

Chicago

Neitzel Jennifer, .Research to practice: Understanding the role of implicit bias in early childhood disciplinary parctices. : Taylor and Francis Group.

Harvard

Neitzel J., .Research to practice: Understanding the role of implicit bias in early childhood disciplinary parctices. : Taylor and Francis Group.

MLA

Neitzel Jennifer, .: Taylor and Francis Group. .

  • Place hold
  • Print
  • Cite
  • Add to your cart (remove)
  • Save record
    BIBTEX Dublin Core MARCXML MARC (non-Unicode/MARC-8) MARC (Unicode/UTF-8) MARC (Unicode/UTF-8, Standard) MODS (XML) RIS
  • More searches
    Search for this title in:
    Other Libraries (WorldCat) Other Databases (Google Scholar) Online Stores (Bookfinder.com) Open Library (openlibrary.org)

Exporting to Dublin Core...

SOUTHVILLE LIBRARY

Southville International School and Colleges Library

1281 Tropical Ave. Cor. Luxembourg St., BF Homes International, Las Pinas City

Tel. No. 8256374 / 252358 Loc. 117/146

Powered by Koha